000
00285nam a22001217a 4500
008
170710b xxu||||| |||| 00| 0 eng d
041
_a
eng
080
_a
82
100
_a
22
101
_a
GJL
245
_a
THE SUMMA THEOLOGICA OF SAINT THOMAS AQUINAS
_c
SULLIVAN,D.J
942
_2
udc
_c
BK
999
_c
20101
_d
20101